000 00404pab a2200169 454500
008 180718b2014 xxu||||| |||| 00| 0 eng d
100 _aSharma, Meenu
245 _aSynthesis of research with policy in education
260 _c2014
300 _ap.65-70.
362 _a15 Dec
650 _aEducational policy
650 _aResearch
773 _aUniversity News
908 _aN
909 _a106627
999 _c106622
_d106622